Name Every Stork - Statistics

General Stats
  • This quiz has been taken 11 times
  • The average score is 17 of 22
Answer Stats
Family Genus Species % Correct
African Woolly-necked Stork
88%
Asian Woolly-necked Stork
88%
Ciconia Black Stork
88%
Greater Adjutant
88%
Scopidae Scopus Hamerkop
88%
Jabiru Jabiru
88%
Leptoptilos Lesser Adjutant
88%
Marabou Stork
88%
Balaenicipitidae Balaeniceps Shoebill
88%
White Stork
88%
African Openbill
75%
Ciconiidae Anastomus Asian Openbill
75%
Ephippiorhynchus Black-necked Stork
75%
Maguari Stork
75%
Milky Stork
75%
Painted Stork
75%
Storm's Stork
75%
Mycteria Wood Stork
75%
Oriental Stork
63%
Saddle-billed Stork
63%
Yellow-billed Stork
63%
Abdim's Stork
50%
No matching quizzes found
Score Distribution
Percent of People with Each Score
Percentile by Number Answered
Your Score History
You have not taken this quiz